000 00912nam a22002177a 4500
003 PILC
005 20160129113631.0
008 140124b xxu||||| |||| 00| 0 eng d
020 _a9781607884651
050 _aPS 3566.h258
_b.P317 2012
100 _aPatterson, James
245 _a11th hour
_c James Patterson
260 _aNew York :
_bGrand Central Publishing,
_c 2012.
300 _a355 p. :
_c17cm.
520 _aWhen millionaire Chaz Smith is mercilessly gunned down, Lindsay Boxer discovers that the murder weapon is linked to the deaths of four of San Francisco's most untouchable criminals. Then she's called next to the most bizarre crime scene she's ever witnessed: two bodiless heads elaborately displayed in the garden of a world-famous actor.
650 _aWomen detectives
650 _aPublic prosecutors
650 _aCrimes against -- Fiction.
942 _2lcc
_cBK
999 _c26107
_d26107